| 000 | 01461cam a22003735a 4500 | ||
|---|---|---|---|
| 001 | 016590162 | ||
| 003 | OSt | ||
| 005 | 20201128021103.0 | ||
| 008 | 131216t2014 paua frb 001 0 eng d | ||
| 020 | _a1451146655 | ||
| 020 | _a9781451146653 | ||
| 020 | _a1451146655 | ||
| 040 |
_aStDuBDS _beng _cStDuBDS _dEG-ScBUE _dEG-ScBUE |
||
| 082 | 0 | 4 |
_a617.0231 _bBRU _222 |
| 245 | 0 | 0 |
_aBrunner & Suddarth's textbook of medical-surgical nursing / _c[edited by] Janice L. Hinkle, Kerry H. Cheever. |
| 246 | 3 | 0 | _aTextbook of medical-surgical nursing |
| 246 | 3 | _aBrunner and Suddarth's textbook of medical surgical nursing | |
| 250 | _a13th ed., International ed. | ||
| 260 |
_aPhiladelphia : _bWolters Kluwer / Lippincott Williams & Wilkins, _cc.2014. |
||
| 300 |
_a(Various pagings) : _cill. (col.) ; _b28 cm. |
||
| 500 | _aIncludes appendixes. | ||
| 500 | _aIncludes index. | ||
| 500 | _aVisit "http:/thepoint.lww.com/activate." for practice and learn interactive case studies, watch & learn videos ... other. | ||
| 504 | _aIncludes bibliographical references. | ||
| 650 | 7 |
_aSurgical nursing. _936117 _2BUEsh |
|
| 650 | 7 |
_aPerioperative Nursing. _921345 _2BUEsh |
|
| 650 | 7 |
_aNursing. _92162 _2BUEsh |
|
| 651 | _2BUEsh | ||
| 653 |
_bNNUR _cSeptember2014 _cJuly2015 _cAugust2015 _cNovember2015 |
||
| 655 |
_vText book _933728 |
||
| 700 | 1 |
_aHinkle, Janice L., _eeditor. _936118 |
|
| 700 | 1 |
_aCheever, Kerry H., _eeditor. _923980 |
|
| 942 |
_2ddc _k617.0231 BRU |
||
| 999 |
_c18420 _d18392 |
||